Cities by Climate Type Part 2 (Tile Select) - Statistics

General Stats
  • This quiz has been taken 24 times
  • The average score is 21 of 45
Answer Stats
Question Tile Select % Correct
cities with a tropical monsoon climate (Am). Bogota, Colombia No
86%
cities with a tropical monsoon climate (Am). Miami, United States Yes
71%
cities with a semi-arid climate (BS). Riyadh, Saudi Arabia No
71%
cities with a semi-arid climate (BS). Brisbane, Australia No
64%
cities with a tropical monsoon climate (Am). Dar es Salaam, Tanzania No
64%
cities with a dry winter humid subtropical climate (Cwa). Hong Kong, China Yes
64%
cities with a tropical monsoon climate (Am). Jakarta, Indonesia Yes
64%
cities with a tropical savanna climate (Aw or As). Singapore No
64%
cities with a tropical monsoon climate (Am). Yangon, Myanmar Yes
64%
cities with a semi-arid climate (BS). Denver, United States Yes
57%
cities with a humid subtropical climate with consistent precipitation in all seasons (Cfa). New York, United States Yes
57%
cities with a humid subtropical climate with consistent precipitation in all seasons (Cfa). Perth, Australia No
57%
cities with a humid subtropical climate with consistent precipitation in all seasons (Cfa). Tokyo, Japan Yes
57%
cities with a semi-arid climate (BS). Tripoli, Libya Yes
57%
cities with a humid subtropical climate with consistent precipitation in all seasons (Cfa). Athens, Greece No
50%
cities with a dry winter humid subtropical climate (Cwa). Atlanta, United States No
50%
cities with a humid subtropical climate with consistent precipitation in all seasons (Cfa). Buenos Aires, Argentina Yes
50%
cities with a semi-arid climate (BS). Chongqing, China No
50%
cities with a tropical monsoon climate (Am). Conakry, Guinea Yes
50%
cities with a tropical monsoon climate (Am). Havana, Cuba No
50%
cities with a dry winter humid subtropical climate (Cwa). Montevideo, Uruguay No
50%
cities with a dry winter humid subtropical climate (Cwa). Osaka, Japan No
50%
cities with a semi-arid climate (BS). Baku, Azerbaijan Yes
43%
cities with a dry winter humid subtropical climate (Cwa). Guadalajara, Mexico Yes
43%
cities with a tropical savanna climate (Aw or As). Kinshasa, DRC Yes
43%
cities with a tropical savanna climate (Aw or As). Mombasa, Kenya Yes
43%
cities with a tropical savanna climate (Aw or As). Ouagadougou, Burkina Faso No
43%
cities with a tropical monsoon climate (Am). Phnom Penh, Cambodia No
43%
cities with a tropical monsoon climate (Am). Recife, Brazil Yes
43%
cities with a dry winter humid subtropical climate (Cwa). Tbilisi, Georgia No
43%
cities with a tropical savanna climate (Aw or As). Bangkok, Thailand Yes
36%
cities with a humid subtropical climate with consistent precipitation in all seasons (Cfa). Bucharest, Romania No
36%
cities with a tropical savanna climate (Aw or As). Hanoi, Vietnam No
36%
cities with a tropical savanna climate (Aw or As). Mumbai, India Yes
36%
cities with a semi-arid climate (BS). Tel Aviv, Israel No
36%
cities with a humid subtropical climate with consistent precipitation in all seasons (Cfa). Venice, Italy Yes
36%
cities with a dry winter humid subtropical climate (Cwa). Delhi, India Yes
29%
cities with a semi-arid climate (BS). Johannesburg, South Africa No
29%
cities with a tropical savanna climate (Aw or As). Lagos, Nigeria Yes
29%
cities with a tropical savanna climate (Aw or As). Luanda, Angola No
29%
cities with a dry winter humid subtropical climate (Cwa). Lusaka, Zambia Yes
29%
cities with a humid subtropical climate with consistent precipitation in all seasons (Cfa). Seoul, South Korea No
29%
cities with a semi-arid climate (BS). Accra, Ghana Yes
21%
cities with a dry winter humid subtropical climate (Cwa). Cordoba, Argentina Yes
21%
cities with a humid subtropical climate with consistent precipitation in all seasons (Cfa). Durban, South Africa Yes
21%
No matching quizzes found
Score Distribution
Percent of People with Each Score
Percentile by Number Answered
Your Score History
You have not taken this quiz